00385nam a2200145Ia 450000500170000000800410001702000150005808200130007310000210008624500280010726000500013530000130018565000230019865000180022120240827044610.0240331s9999 xx 000 0 und d a9559001574 bKARa800 aKarunaratne, R.S 0aWho's who in literature aVeyangodabPrabha Publishers & Printersc2003 a169 p ., aEnglish literature aShort Stories